| 000 | 00690nam a2200253 a 4500 | ||
|---|---|---|---|
| 001 | nice12345678 | ||
| 003 | IN_TiNIC | ||
| 005 | 20260116013654.0 | ||
| 008 | 050524s1995 newa grp 000 0 eng | ||
| 020 |
_a8173046 _c300 |
||
| 082 | 0 | 0 |
_a294.5447 _bODD |
| 100 | _aOddie, Geoffrey | ||
| 245 |
_aPopular Religion Elites and Reform _b Hook-Swinging and Its Prohibition in Co |
||
| 260 |
_aNew Delhi _bManohar Pub. _c1995 |
||
| 300 | _a200p | ||
| 500 | _aincludes index and biblioraphy | ||
| 505 | 2 | _aColonial India 1800-1894 | |
| 650 | _aHook-Swinging-Hinduism | ||
| 650 | _aSadhuism | ||
| 700 | 1 | _aOddie, Geoffrey | |
| 902 | _bSRS | ||
| 942 | _cBK | ||
| 999 |
_c11899 _d11899 |
||